Statistics for House Of Balloons Tracklist (The Weeknd)

Click here to take the quiz!

General Stats

  • This quiz has been taken 15 times
  • The average score is 6 of 9

Answer Stats

HintAnswer% Correct
3House Of Balloons / Glass Table Girls
93%
7Coming Down
71%
4The Morning
71%
6The Party & The After Party
71%
2What You Need
71%
5Wicked Games
71%
8Loft Music
64%
1High For This
57%
9The Knowing
57%

Score Distribution

Percentile by Number Answered

Percent of People with Each Score

Your Score History

You have not taken this quiz